Score 0/21 Timer 06:00
1 Play Today
Votes Ingredient % Correct
723Chicken / Turkey
95.6%
985Ham
94.6%
1,211Tomatoes
94%
1,428Lettuce
93.9%
1,346Cheddar / American Cheese
92.5%
244Swiss cheese
92.4%
153Provolone cheese
91.8%
1,819Mayonnaise
91.6%
187other cheeses
90.8%
1,210Mustard
87.9%
1,071Catsup
81.6%
Votes Ingredient % Correct
616Ground beef
81.5%
560Raw Onions
75%
285Pickles
74.1%
139Pork bacon
66.8%
790Peanut butter
59.3%
515Jelly
57.7%
185Tuna salad
48.8%
172Bologna
44.7%
356Hot dog
43.1%
146Whole fried egg
41%

You're not logged in!

Compare scores with friends on all Sporcle quizzes.
OR
Log In

Sporcle TV

Today on Sporcle TV


Watch our educational content, quiz creation guides, and fun videos on Sporcle TV.

Show Comments

Extras

Top Quizzes Today


Score Distribution

Paid Content

Your Account Isn't Verified!

In order to create a playlist on Sporcle, you need to verify the email address you used during registration. Go to your Sporcle Settings to finish the process.

Report this User

Report this user for behavior that violates our Community Guidelines.

Details: